| 000 | 01035nam a2200349 i 4500 | ||
|---|---|---|---|
| 001 | 768714001 | ||
| 003 | CO-MdFUSB | ||
| 005 | 20250711165538.0 | ||
| 007 | ta | ||
| 008 | 861103t19591977-us d 000 | eng d | ||
| 020 | _a0-02-522570-7 | ||
| 040 |
_aCBY _cCO-MdFUSB _dCO-MdFUSB _bspa _erda |
||
| 041 | _aeng | ||
| 041 | _alat | ||
| 082 |
_223 _a473.21 _bSI613 |
||
| 100 |
_aSimpson, D.P. _eautor |
||
| 245 | 1 | 0 |
_aCassell's Latin dictionary : _bLatin-English, English-Latin _c/ Douglas P. Simpson |
| 264 | 1 |
_aNew York, Estados Unidos : _bMacmillan and Co. Limited, _c[1977] |
|
| 264 | 4 | _c©1977 | |
| 300 |
_a883 páginas ; _c24 cm. |
||
| 336 |
_2rdacontent _atexto _btxt |
||
| 337 |
_2rdamedia _asin mediación _bn |
||
| 338 |
_2rdacarrier _avolumen _bnc |
||
| 563 | _aTapa dura | ||
| 653 | _aLatín -- Diccionarios -- Inglés | ||
| 653 | _aInglés -- Diccionarios -- Latín | ||
| 653 | _aLatín | ||
| 653 | _aDiccionarios Bilingües | ||
| 942 | _cBK | ||
| 945 | _aJTF-925 | ||
| 999 |
_c68735 _d68735 |
||